Caste as a perilous promise? : Thinking with and beyond the Bihar caste survey/Census (Record no. 533799)
[ view plain ]
| 000 -LEADER | |
|---|---|
| fixed length control field | 01211nam a22001337a 4500 |
| 008 - FIXED-LENGTH DATA ELEMENTS--GENERAL INFORMATION | |
| fixed length control field | 260624b ||||| |||| 00| 0 eng d |
| 100 ## - MAIN ENTRY--PERSONAL NAME | |
| Personal name | Singh, Asha and Donald, Nidhin |
| 245 ## - TITLE STATEMENT | |
| Title | Caste as a perilous promise? : Thinking with and beyond the Bihar caste survey/Census |
| 260 ## - PUBLICATION, DISTRIBUTION, ETC. (IMPRINT) | |
| Place of publication, distribution, etc | Economic & Political Weekly |
| 300 ## - PHYSICAL DESCRIPTION | |
| Extent | 61(23), Jun 6, 2026: p.65-74 |
| 520 ## - SUMMARY, ETC. | |
| Summary, etc | Notwithstanding its serious gender blindness and other limitations, the Bihar caste survey report achieves two seemingly contradictory feats: one, it vindicates caste as a socially-intelligible category in Bihar, which captures certain aspects of under-representation and maldistribution; two, it questions the analytical and political purchase of caste and caste-funnelled governance by exposing the massive substratum of the Bihari “underclass” across castes. The survey alludes to the fact that caste does not stand by itself. Its workings are visible within the complex folds of material conditions. In other words, it brings out the tenacious “class character of caste.”- Reproduced https://www.epw.in/journal/special-articles/caste-perilous-promise.html |
| 773 ## - HOST ITEM ENTRY | |
| Main entry heading | Economic & Political Weekly |
| 942 ## - ADDED ENTRY ELEMENTS (KOHA) | |
| Item type | Articles |
| Withdrawn status | Lost status | Source of classification or shelving scheme | Damaged status | Not for loan | Permanent location | Current location | Date acquired | Serial Enumeration / chronology | Barcode | Date last seen | Koha item type |
|---|---|---|---|---|---|---|---|---|---|---|---|
| Indian Institute of Public Administration | Indian Institute of Public Administration | 2026-06-24 | 61(23), Jun 6, 2026: p.65-74 | AR139261 | 2026-06-24 | Articles |
